| 000 | 00375nam a2200157Ia 4500 | ||
|---|---|---|---|
| 008 | 230711s9999||||xx |||||||||||||| ||und|| | ||
| 041 | _aENG | ||
| 082 |
_a629.8 _bGU-C |
||
| 100 | _aGupta,Sushil Das | ||
| 245 | 0 | _aControl system theory | |
| 250 | _a4th | ||
| 260 |
_c2006 _aNew Delhi _bKhanna Publishers |
||
| 300 | _a1052 | ||
| 650 | _aElectrical Engineering | ||
| 942 | _cBK | ||
| 999 |
_c1404 _d1404 |
||